Architecture of Lucknow (Record no. 5571)

MARC details
000 -LEADER
fixed length control field 00465 a2200169 4500
001 - CONTROL NUMBER
control field 131029
003 - CONTROL NUMBER IDENTIFIER
control field OSt
005 - DATE AND TIME OF LATEST TRANSACTION
control field 20210907102158.0
008 - FIXED-LENGTH DATA ELEMENTS--GENERAL INFORMATION
fixed length control field
082 ## - DEWEY DECIMAL CLASSIFICATION NUMBER
Classification number 720.9542
Item number D26A
100 1# - MAIN ENTRY--PERSONAL NAME
Personal name Das, Neeta
245 1# - TITLE STATEMENT
Title Architecture of Lucknow
Statement of responsibility, etc by Neeta Das
260 ## - PUBLICATION, DISTRIBUTION, ETC. (IMPRINT)
Place of publication, distribution, etc Delhi
Name of publisher, distributor, etc B.R. Publication
Date of publication, distribution, etc 2008
300 ## - PHYSICAL DESCRIPTION
Extent 98p.
690 ## - LOCAL SUBJECT ADDED ENTRY--TOPICAL TERM (OCLC, RLIN)
Topical term or geographic name as entry element India--Lucknow; Islamic architecture; Buildings; Imambaras; Islamic shrines
942 ## - ADDED ENTRY ELEMENTS (KOHA)
Source of classification or shelving scheme Dewey Decimal Classification
Koha item type Books
Holdings
Withdrawn status Lost status Source of classification or shelving scheme Damaged status Not for loan Collection code Home library Current library Date acquired Source of acquisition Cost, normal purchase price Full call number Barcode Date last seen Price effective from Koha item type
    Dewey Decimal Classification     General Text Book Central University Of Rajasthan Central University Of Rajasthan 08/06/2012 ARC 995.00 720.9542 D26A 7103 21/11/2024 02/09/2020 Books